000
00265nam a22001217a 4500
008
180712b xxu||||| |||| 00| 0 eng d
041
_a
eng
080
_a
711
100
_a
45
101
_a
ART
245
_a
Practical Pattern Making
_c
Castro, L.M
942
_2
udc
_c
BK
999
_c
46648
_d
46648